000 00602nam a2200205Ia 4500
003 GCL
008 140319s9999 xx 000 0 ara d
040 _aGCL /
_cGCL
082 0 4 _a212.5
_bا ن
100 1 _aاحمد محمد شاكر
245 1 0 _aنظام الطلاق فى الاسلام /
_cاحمد محمد شاكر
260 _a[S.N] :
_bمكتبة السنة للنشر والتوزيع ،
_c1990
300 _a106 ص
490 _a
650 0 4 _aالاسلام
650 0 4 _aالطلاق
650 0 4 _aالزواج
650 0 4 _aالشريعة الاسلامية
942 _2ddc
_cBK
999 _c55160
_d55160